00349nmm a2200121Ia 4500008004100000041000800041100001800049245002300067264004600090300001800136650002200154856005100176251105s9999||||xx |||||||||||||||||und|| acat aAriño, Cari 0aEl batec del temps a[Madrid, España] :bEdiciones B, c2015 a456 páginas aSpanish narrative uhttps://public.digitaliapublishing.com/a/53589